Регионална библиотека "Любен Каравелов" - Русе

Пчелните продукти - храна и лечебна сила (Запис номер 71318)

MARC детайли
000 -Лидер
Контролно поле с фиксирана дължина 01823nam a2200397 c 4500
003 - Код на организацията, давaща контролен номер
Контролно поле BLK
005 - Дата и час на последна редакция
Контролно поле 20180420223826.0
008 - Елементи от данни с фиксирана дължина
fixed length control field 180408b bul|||||r ||||||| ||bul||
010 ## - Наследен системен номер
LC control number KNG00075686000
020 ## - Международен стандартен номер на книга ISBN
Международен стандартен номер на книга ISBN 978-954-9373-32-5
-- издат.: Еньовче
040 ## - Източник на каталожния запис
Идентификатор на билиотеката - собственик на записа BLK
041 ## - Код за език
Код за езика на текст/звукозапис или на отделно заглавие Български
Код за езика КДБФ Български
080 ## - УДК
Текстов определител УДК Вещества от естествен произход и тяхните смеси. Лекарствени суровини. Фармакогнозия. Вещества от животински и минерален произход. Минерални води
УДК код - определител по УДК 615.32
УДК определител
УДК - код + определител 615.32
080 ## - УДК
Текстов определител УДК
УДК код - определител по УДК 638.16/.17
УДК определител
УДК - код + определител 638.16/.17
080 ## - УДК
Текстов определител УДК Народна медицина. Лечение с домашни средства
УДК код - определител по УДК 615.89
УДК определител (083.1)
УДК - код + определител 615.89(083.1)
100 1# - Редна дума - Автор
Автор Кирилов, Наско Савов
Авторска отговорност първи автор
R(LIN) 291832
139 ## - Редно поле
Редна дума Кирилов, Наско Савов
Авторски знак Кирил - К 57
245 10 - Сведения за заглавието
Заглавие Пчелните продукти - храна и лечебна сила
Редно поле (дума) Наско Савов Кирилов.
257 ## - Страна на издаване
Страна на създаване/издаване България
260 ## - Област на издателските данни
-- София
Име на издателя, разпространителя и проч. Еньовче
Година на издаване 2007
300 ## - Физическа характеристика
Страници 216 с.
Илюстрации и др. с ил., табл.
Размери/Мащаб 23 см
380 ## - Жанр
Жанр Медицина
500 ## - Общи забележки
Забележка Библиогр. с. 211-215.
650 #4 - Допълнително описание по предмет – тема
Основно описание – тема или топоним Пчелни продукти - свойства и приложение - наръчници и ръководства
9 (RLIN) 242075
650 #4 - Допълнително описание по предмет – тема
Основно описание – тема или топоним Мед, пчелен - лечебни свойства и приложение
9 (RLIN) 242074
650 #4 - Допълнително описание по предмет – тема
Основно описание – тема или топоним Медолечение - справочници
9 (RLIN) 161746
653 ## - Ключова дума – ненормативна
Ключова дума пчелни продукти
653 ## - Ключова дума – ненормативна
Ключова дума мед
653 ## - Ключова дума – ненормативна
Ключова дума медолечение
653 ## - Ключова дума – ненормативна
Ключова дума наръчници
852 ## - Местоположение
Форматна сигнатура Цб 234350
856 4# - Електронен адрес и достъп
Електронен формат pdf - файл
Път до файла /url/
856 4# - Електронен адрес и достъп
Електронен формат pdf - файл
Път до файла /url/
942 ## - АРТИКУЛИ
Вид на библиотечния материал Книги
Скрит в OPAC Не
944 ## - СЪЗДАВАНЕ И РЕДАКЦИЯ на ЗАПИСА
Създаване/Редакция Създаване
Дата на регистрацията/редакция 13.06.2007
Служител, извършил регистрацията/редакцията Милена_Ачева
944 ## - СЪЗДАВАНЕ И РЕДАКЦИЯ на ЗАПИСА
Създаване/Редакция Редакция
Дата на регистрацията/редакция 13.08.2012
Служител, извършил регистрацията/редакцията
999 ## - СИСТЕМНИ КОНТРОЛНИ НОМЕРА
Koha biblionumber 71318
Koha biblioitemnumber 71318
Наличности
Код за отписване Код за изгубен артикул Код за повреда Коз за рестрикции Код за отдаване Артикулен № Име на библиотеката - собственик Име на библиотеката, в която се намира в момента Статус (Текущо местоположение) Дата на вписване в системата Местоположение - отдел Цена в лева Инвентарен номер Систематично азбучна сигнатура Баркод Номер на екземпляра Цена в евро Служебна бележка Служебен тип на артикула
  Не е изгубен Не е повреден без рестрикции заемане за дома 116383 Регионална библиотека "Любен Каравелов" Русе Регионална библиотека "Любен Каравелов" Русе Заемна - подръчен фонд 2007-06-13 Заемна - подръчен фонд 12.00 120000714543 П 615.3/К 57 120000714543 1 6.14 Дост: Pk Вид: Ф N: 5645 Дата: 11.06.2007 Дата инв: 15.02.2018 Бележки инв: П2018 Книги
  Не е изгубен Не е повреден без рестрикции ползва се в читалня 116384 Регионална библиотека "Любен Каравелов" Русе Регионална библиотека "Любен Каравелов" Русе Хранилище 2011-11-16 Хранилище 12.00 120000754350 Цб 234350 120000754350 2 6.14 Дост: Dp Вид: Д N: 14 Дата: 04.04.2011 Книги
Vip Innovations Ltd, Rousse, Bulgaria 2025